Biorefinery : integrated sustainable processes for biomass conversion to biomaterials, biofuels, and fertilizers /

Bibliographic Details
Corporate Author: ProQuest (Firm)
Other Authors: Bastidas-Oyanedel, Juan-Rodrigo (Editor), Schmidt, Jens Ejbye (Editor)
Format: eBook
Language:English
Published: Cham, Switzerland : Springer, [2019]
Subjects:
Online Access:Connect to the full text of this electronic book

MARC

Tag First Indicator Second Indicator Subfields
LEADER 00000cam a2200000Ii 4500
001 in00004059607
006 m o d
007 cr cnu---unuuu
008 190427s2019 sz o 001 0 eng d
005 20250816222522.3
020 |a 9783030109615  |q electronic book 
020 |a 3030109615  |q electronic book 
020 |z 9783030109608 
024 8 |a 99981415749 
035 |a (NhCcYBP)ebc5754851 
040 |a NhCcYBP  |c NhCcYBP  |d UtOrBLW 
050 4 |a TP248.25.B55  |b B56 2019 
082 0 4 |a 662/.88  |2 23 
245 0 0 |a Biorefinery :  |b integrated sustainable processes for biomass conversion to biomaterials, biofuels, and fertilizers /  |c Juan-Rodrigo Bastidas-Oyanedel, Jens Ejbye Schmidt, editors. 
264 1 |a Cham, Switzerland :  |b Springer,  |c [2019] 
300 |a 1 online resource. 
336 |a text  |b txt  |2 rdacontent 
337 |a computer  |b c  |2 rdamedia 
338 |a online resource  |b cr  |2 rdacarrier 
500 |a Includes index. 
588 |a Description based on online resource; title from digital title page (viewed on May 13, 2019). 
500 |a Electronic resource. 
650 0 |a Bioreactors.  |0 http://id.loc.gov/authorities/subjects/sh87005835 
655 7 |a Electronic books.  |2 local 
700 1 |a Bastidas-Oyanedel, Juan-Rodrigo,  |e editor. 
700 1 |a Schmidt, Jens Ejbye,  |e editor. 
710 2 |a ProQuest (Firm)  |0 http://id.loc.gov/authorities/names/n2007068018 
776 1 8 |i Print version:  |a Bastidas-Oyanedel, Juan-Rodrigo  |t Biorefinery : Integrated Sustainable Processes for Biomass Conversion to Biomaterials, Biofuels, and Fertilizers  |d Cham : Springer,c2019  |z 9783030109608 
856 4 0 |u https://ebookcentral.proquest.com/lib/tamucs/detail.action?docID=5754851  |z Connect to the full text of this electronic book  |t 0 
955 |a YBP purchased firm e-records 
980 |b 129.00  |g 1 
987 |a ybp16179787 
999 f f |s 22485244-e1c3-3ca8-8408-378db814b8ce  |i 6425e3ca-1cfb-3aa8-a927-dedf469800b1  |t 0 
952 f f |a Texas A&M University  |b College Station  |c Electronic Resources  |d Available Online  |t 0  |e TP248.25.B55 B56 2019  |h Library of Congress classification 
998 f f |a TP248.25.B55 B56 2019  |t 0  |l Available Online